| 000 | 00000nam##2200000za#4500 |
| 001 | 9.643133 |
| 003 | CaOODSP |
| 005 | 20210624224028 |
| 007 | cr ||||||||||| |
| 008 | 150407|2011||||xxc|||||o f|0| 0 fre|d |
| 020 | |a978-0-660-21988-2 |
| 040 | |aCaOODSP|bfre |
| 043 | |an-cn--- |
| 086 | 1 |aM144-120/2-2011F-PDF |
| 110 | 1 |aCanada.|bRessources naturelles Canada. |bOffice de l'efficacité énergétique. |
| 245 | 10|aEnquête sur l'utilisation de l'énergie par les ménages 2011 : |h[ressource électronique]|brapport statistique détaillé |
| 260 | |aOttawa - Ontario : |bRessources naturelles Canada. |cc2014. |
| 300 | |a228p.|btableaux |
| 590 | |a15-06|b2015-02-06 |
| 691 | 07|aConsommation d'énergie|2gcpds |
| 775 | 08|tSurvey of Household Energy Use 2011 : |w(CaOODSP)9.699148 |
| 776 | 0#|tEnquête sur l'utilisation de l'énergie par les ménages 2011 : |w(CaOODSP)9.678077 |
| 856 | 40|ahttp://publications.gc.ca|qPDF|s3.93 Mo|uhttps://publications.gc.ca/collections/collection_2015/rncan-nrcan/M144-120-2-2011-fra.pdf |